[Event "Rated Blitz game"]
[Site "?"]
[Date "2021.11.09"]
[Round "?"]
[White "Wea_pawn"]
[Black "King_bg03"]
[Result "0-1"]
[WhiteElo "2630"]
[BlackElo "2611"]
[PlyCount "154"]
[EventDate "2021.??.??"]
[EventType "blitz"]

1. e4 e5 2. Nf3 d5 3. Nc3 dxe4 4. Nxe4 f5 5. Nxe5 fxe4 6. Qh5+ g6 7. Nxg6 hxg6
8. Qxh8 Be6 9. d3 Qf6 10. Qh7 Bc5 11. Be2 Qxf2+ 12. Kd1 Qxg2 13. Rf1 Nd7 14.
Qh4 exd3 15. cxd3 Be7 16. Qa4 Qc6 17. Qxc6 bxc6 18. Rg1 Bf5 19. Be3 Ngf6 20.
Kc2 Nd5 21. Bd2 Bf6 22. Rae1 Kf7 23. Bf3 Rb8 24. b3 Nb4+ 25. Bxb4 Rxb4 26. Bxc6
Ne5 27. Bd5+ Kg7 28. Be4 Bxe4 29. Rxe4 Nc6 30. Kd2 Rb5 31. Rc4 Ne5 32. Rxc7+
Kh6 33. Rg3 Ra5 34. a4 Ra6 35. d4 Nc6 36. Rf7 Nxd4 37. Rd3 Nf5 38. Rdd7 Bd4 39.
Kd3 Bg1 40. h4 Nxh4 41. Rh7+ Kg5 42. Rd5+ Nf5 43. Rdd7 Rb6 44. Kc4 Rc6+ 45. Kb5
Rc3 46. Kb4 Rf3 47. Rxa7 Bxa7 48. Rxa7 Rf4+ 49. Ka3 Nd4 50. Rd7 Nc2+ 51. Kb2
Ne3 52. Rd5+ Nxd5 53. a5 Nc7 54. Ka3 Rf8 55. a6 Ra8 56. Kb4 Rxa6 57. Kc5 Re6
58. b4 Ra6 59. b5 Ra5 60. Kb6 Rxb5+ 61. Kxc7 Rf5 62. Kd6 Kf4 63. Ke6 g5 64. Ke7
g4 65. Kd6 g3 66. Ke6 g2 67. Ke7 g1=Q 68. Kd6 Qe3 69. Kd7 Kf3 70. Kd6 Rf4 71.
Kd7 Kg2 72. Kd6 Rf2 73. Kd7 Rd2+ 74. Kc6 Qc3+ 75. Kb5 Rb2+ 76. Ka4 Qb3+ 77. Ka5
Ra2# {Normal} 0-1

[Event "Rated Blitz game"]
[Site "?"]
[Date "2021.11.09"]
[Round "?"]
[White "Harsha101"]
[Black "Sdjordje12345_s"]
[Result "1-0"]
[WhiteElo "2325"]
[BlackElo "2420"]
[PlyCount "51"]
[EventDate "2021.??.??"]
[EventType "blitz"]

1. e4 e5 2. Nf3 d5 3. Nxe5 Qe7 4. d4 f6 5. Nd3 dxe4 6. Nf4 Bf5 7. Nc3 g5 8.
Nfd5 Qd7 9. Nb5 Na6 10. Nbc3 c6 11. Ne3 Bg6 12. h4 Nb4 13. hxg5 fxg5 14. g3 Nd5
15. Nexd5 cxd5 16. Bb5 Qxb5 17. Nxb5 O-O-O 18. Qg4+ Kb8 19. Bxg5 Be7 20. Bf4+
Ka8 21. Nc7+ Kb8 22. Nxd5+ Ka8 23. Nc7+ Kb8 24. Ne6+ Ka8 25. Nxd8 Nf6 26. Qc8#
{Normal} 1-0

[Event "Rated Blitz game"]
[Site "?"]
[Date "2021.11.09"]
[Round "?"]
[White "SteveC72"]
[Black "elrond"]
[Result "0-1"]
[WhiteElo "2259"]
[BlackElo "2415"]
[PlyCount "96"]
[EventDate "2021.??.??"]
[EventType "blitz"]

1. e4 e5 2. Nf3 d5 3. exd5 e4 4. Qe2 Nf6 5. Nc3 Be7 6. Ng5 O-O 7. Ngxe4 Re8 8.
d3 Nxd5 9. Bd2 f5 10. Nxd5 Qxd5 11. Nc3 Qc6 12. O-O-O Bf6 13. Qf3 Qxf3 14. gxf3
Nc6 15. Nd5 Bd8 16. Bc3 Be6 17. Nf4 Bf7 18. Rg1 g6 19. Kb1 Bh4 20. Bh3 a5 21.
Bxf5 Nb4 22. a3 Nd5 23. Nxd5 Bxd5 24. Be4 c6 25. Rg4 Bxf2 26. Rf1 Bc5 27. h4
Bxe4 28. fxe4 Re6 29. h5 a4 30. hxg6 Rxg6 31. Rxg6+ hxg6 32. Rh1 Kf7 33. Rh7+
Ke6 34. Rxb7 g5 35. Rg7 Be3 36. d4 Rf8 37. b4 axb3 38. cxb3 Rf2 39. a4 c5 40.
d5+ Kd6 41. a5 Bd4 42. Bxd4 cxd4 43. Rxg5 Kc5 44. a6 Kb4 45. a7 Kxb3 46. Rg3+
d3 47. Rxd3+ Kc4 48. a8=Q Kxd3 {Time forfeit} 0-1

[Event "Rated Blitz tournament G9mrVL8t"]
[Site "?"]
[Date "2021.11.09"]
[Round "?"]
[White "TAKINGKING"]
[Black "chesswhite1990"]
[Result "0-1"]
[WhiteElo "2406"]
[BlackElo "2312"]
[PlyCount "78"]
[EventDate "2021.??.??"]
[EventType "blitz"]

1. e4 e5 2. Nf3 d5 3. exd5 e4 4. Qe2 Nf6 5. d3 Qxd5 6. Nc3 Bb4 7. Bd2 Bxc3 8.
Bxc3 O-O 9. dxe4 Nxe4 10. Qd3 Qxd3 11. cxd3 Nd6 12. Be2 Nc6 13. Kd2 Bf5 14.
Rhe1 Rfd8 15. Nh4 Be6 16. f4 g6 17. Kc2 Nf5 18. Nxf5 Bxf5 19. Rad1 Nd4+ 20.
Bxd4 Rxd4 21. Bf1 Rxf4 22. g3 Rf2+ 23. Kc3 Rd8 24. Re7 b5 25. a3 c5 26. b4 c4
27. Re3 cxd3 28. Bxd3 Bxd3 29. Rexd3 Rc8+ 30. Kb3 Rxh2 31. Rd8+ Rxd8 32. Rxd8+
Kg7 33. Rd7 Rg2 34. Rxa7 Rxg3+ 35. Kb2 h5 36. Ra5 h4 37. Rxb5 h3 38. Re5 h2 39.
Re1 Rg1 {Normal} 0-1

[Event "Rated Blitz game"]
[Site "?"]
[Date "2021.11.09"]
[Round "?"]
[White "MCubillo17"]
[Black "Caligula666"]
[Result "0-1"]
[WhiteElo "2467"]
[BlackElo "2391"]
[PlyCount "58"]
[EventDate "2021.??.??"]
[EventType "blitz"]

1. e4 e5 2. Nf3 d5 3. d4 dxe4 4. Nxe5 Bd6 5. Qe2 Nf6 6. Nc3 O-O 7. Nxe4 Nxe4 8.
Qxe4 Re8 9. Bd3 g6 10. O-O Nc6 11. Nxc6 bxc6 12. Qxc6 Bd7 13. Qf3 Rb8 14. Bc4
Rf8 15. Bh6 Qh4 16. g3 Qxh6 17. Rfe1 Qd2 18. Bb3 Qxd4 19. c4 Bg4 20. Qc6 Bc5
21. Qg2 Rbe8 22. h3 Rxe1+ 23. Rxe1 Be6 24. h4 Qxb2 25. h5 Rd8 26. Qf3 Qd2 27.
Re2 Qg5 28. hxg6 hxg6 29. Kg2 Bg4 {Normal} 0-1

[Event "Rated Blitz game"]
[Site "?"]
[Date "2021.11.09"]
[Round "?"]
[White "streamerchessLp"]
[Black "batasjon"]
[Result "0-1"]
[WhiteElo "2379"]
[BlackElo "2471"]
[PlyCount "48"]
[EventDate "2021.??.??"]
[EventType "blitz"]

1. e4 e5 2. Nf3 d5 3. exd5 e4 4. Qe2 Nf6 5. Nc3 Be7 6. Nxe4 O-O 7. Nxf6+ Bxf6
8. d4 Qxd5 9. Qc4 Qd6 10. Be3 Be6 11. Qd3 Rd8 12. Be2 Nc6 13. c3 Ne7 14. O-O c5
15. dxc5 Qxd3 16. Bxd3 Rxd3 17. Nd4 Bxd4 18. Bxd4 Nc6 19. Rfd1 Rxd1+ 20. Rxd1
Bxa2 21. Be3 Be6 22. b4 a6 23. f4 Rd8 24. Ra1 Rd3 {Normal} 0-1

[Event "Rated Blitz game"]
[Site "?"]
[Date "2021.11.09"]
[Round "?"]
[White "Joeben_Jones_Balitos"]
[Black "DOOGE228"]
[Result "0-1"]
[WhiteElo "2333"]
[BlackElo "2400"]
[PlyCount "96"]
[EventDate "2021.??.??"]
[EventType "blitz"]

1. e4 e5 2. Nf3 d5 3. Nxe5 Bd6 4. d4 dxe4 5. f4 exf3 6. Nxf3 Nf6 7. Bc4 Qe7+ 8.
Be2 c5 9. O-O O-O 10. c3 cxd4 11. Nxd4 Bc5 12. Bg5 Nc6 13. Kh1 Nxd4 14. cxd4
Bd6 15. Nc3 Qd8 16. Nd5 Be7 17. Nxe7+ Qxe7 18. Bd3 Qd6 19. Qd2 Nd5 20. Rae1 Be6
21. Qf2 h6 22. Qh4 f5 23. Bd2 Rae8 24. a3 Bd7 25. Bc4 Kh7 26. Bd3 Qg6 27. Re5
Rxe5 28. dxe5 Kg8 29. Rf3 Qg4 30. Qf2 Bc6 31. h3 Qh5 32. Rxf5 Rxf5 33. Qxf5
Qd1+ 34. Kh2 Qxd2 35. Qh7+ Kf8 36. Qf5+ Ke7 37. Qg6 Qf4+ 38. Kg1 Qxe5 39. Bc2
Qf6 40. Qe4+ Kd6 41. Qc4 Qxb2 42. Qd3 Qe5 43. Qd1 Qe3+ 44. Kh1 Kc5 45. Bb3 Qc3
46. Bxd5 Bxd5 47. Qh5 Qf6 48. Qe8 Bc6 {Time forfeit} 0-1

[Event "Rated Blitz game"]
[Site "?"]
[Date "2021.11.09"]
[Round "?"]
[White "izel2"]
[Black "Jomajo"]
[Result "1/2-1/2"]
[WhiteElo "2605"]
[BlackElo "2757"]
[PlyCount "134"]
[EventDate "2021.??.??"]
[EventType "blitz"]

1. e4 e5 2. Nf3 d5 3. exd5 e4 4. Qe2 Qe7 5. Nd4 Nf6 6. d3 exd3 7. Qxe7+ Bxe7 8.
Bxd3 Nxd5 9. Bd2 Bf6 10. Nc3 Nb4 11. Ndb5 Nxd3+ 12. cxd3 Na6 13. O-O-O Be6 14.
Bf4 O-O 15. d4 c6 16. Nd6 Nb4 17. a3 Nd5 18. Nxd5 Bxd5 19. f3 b6 20. Be5 Bg5+
21. Kc2 Rad8 22. Nf5 f6 23. Bg3 Be6 24. Ne7+ Kf7 25. Nxc6 Rc8 26. d5 Bxd5 27.
Rxd5 Rxc6+ 28. Kb1 Re8 29. Rd7+ Re7 30. Rhd1 f5 31. Be5 Bf6 32. Bxf6 Kxf6 33.
R1d6+ Rxd6 34. Rxd6+ Ke5 35. Rd2 Rc7 36. g3 h5 37. Re2+ Kd4 38. f4 h4 39. gxh4
Rf7 40. Re5 Rf6 41. Kc2 Rc6+ 42. Kb3 g6 43. h5 gxh5 44. Rxf5 Ke4 45. Rxh5 Kxf4
46. Rh7 a6 47. a4 Kg5 48. h4+ Kg6 49. Ra7 a5 50. Ra8 Kh5 51. Rh8+ Kg6 52. h5+
Kg7 53. Rd8 Kh6 54. Rd5 Kg7 55. Rg5+ Kh7 56. Rg6 Rc5 57. Rxb6 Rxh5 58. Rb5 Rh3+
59. Ka2 Kg6 60. Rxa5 Kf6 61. Rb5 Ke6 62. Rb3 Rh4 63. Ka3 Kd6 64. Rb4 Rh3+ 65.
Rb3 Rh4 66. Rb4 Rh3+ 67. Rb3 Rh4 {Normal} 1/2-1/2

[Event "Rated Blitz game"]
[Site "?"]
[Date "2021.11.09"]
[Round "?"]
[White "Oladipo30"]
[Black "KamranShirazi"]
[Result "1/2-1/2"]
[WhiteElo "2501"]
[BlackElo "2596"]
[PlyCount "93"]
[EventDate "2021.??.??"]
[EventType "blitz"]

1. e4 e5 2. Nf3 d5 3. d3 dxe4 4. dxe4 Qxd1+ 5. Kxd1 Nc6 6. Bb5 Bd7 7. Nc3 O-O-O
8. Bxc6 Bxc6+ 9. Ke1 Bb4 10. Bd2 Bxc3 11. Bxc3 Bxe4 12. Bxe5 f6 13. Bc3 Bxc2
14. Rc1 Be4 15. Ke2 Bd3+ 16. Ke3 Nh6 17. Rhd1 Nf5+ 18. Kf4 g5+ 19. Nxg5 fxg5+
20. Kxg5 Rhg8+ 21. Kf4 Rxg2 22. Rxd3 Rxd3 23. Kxf5 Rxf2+ 24. Ke4 Rh3 25. Rg1
Rxc3 26. bxc3 Rxh2 27. Kd4 b6 28. a3 Kb7 29. Kc4 Rb2 30. Rh1 b5+ 31. Kc5 Rb3
32. Rxh7 a6 33. c4 Rc3 34. Rh4 Rxc4+ 35. Rxc4 bxc4 36. Kxc4 Kb6 37. a4 Ka5 38.
Kb3 c5 39. Kc4 Kxa4 40. Kxc5 a5 41. Kc4 Ka3 42. Kc3 Ka2 43. Kc2 a4 44. Kc1 a3
45. Kc2 Ka1 46. Kc1 a2 47. Kc2 {Normal} 1/2-1/2

[Event "Rated Blitz game"]
[Site "?"]
[Date "2021.11.09"]
[Round "?"]
[White "great_tal"]
[Black "Sdjordje12345_s"]
[Result "1-0"]
[WhiteElo "2412"]
[BlackElo "2426"]
[PlyCount "127"]
[EventDate "2021.??.??"]
[EventType "blitz"]

1. e4 e5 2. Nf3 d5 3. exd5 e4 4. Ne5 Qe7 5. d4 f6 6. Qh5+ g6 7. Nxg6 Qf7 8. Nf4
Qxh5 9. Nxh5 f5 10. Bf4 Nd7 11. Bc4 Ngf6 12. Nxf6+ Nxf6 13. Nc3 Bd6 14. Be5 Ke7
15. O-O-O Bd7 16. Rhe1 a6 17. f3 Rae8 18. fxe4 fxe4 19. Nxe4 Bxe5 20. dxe5 Nxe4
21. Rxe4 Bf5 22. Rf4 Bg6 23. Rf6 Rhf8 24. Rdf1 Rxf6 25. Rxf6 Kd7 26. e6+ Kd6
27. Bb3 b5 28. c4 bxc4 29. Bxc4 c6 30. dxc6 Kxc6 31. Kd2 Kc5 32. Kc3 a5 33. b3
Re7 34. a3 Rc7 35. b4+ axb4+ 36. axb4+ Kd6 37. Rf4 Ke5 38. Rh4 Be4 39. g3 Bg6
40. b5 Kd6 41. Kb4 Bf5 42. Rd4+ Ke7 43. b6 Rb7 44. Kb5 Bh3 45. Ka6 Bg2 46. Rd7+
Rxd7 47. exd7 Kxd7 48. Bb5+ Ke7 49. b7 Bxb7+ 50. Kxb7 h5 51. Be2 h4 52. g4 Kf6
53. h3 Kg5 54. Kc6 Kf4 55. Bf1 Kg3 56. g5 Kf2 57. g6 Kxf1 58. g7 Kg2 59. g8=Q+
Kxh3 60. Kd5 Kh2 61. Ke4 h3 62. Kf3 Kh1 63. Kf2 h2 64. Qg2# {Normal} 1-0

[Event "Rated Blitz game"]
[Site "?"]
[Date "2021.11.09"]
[Round "?"]
[White "Vakukl"]
[Black "Benny_Watts_2005"]
[Result "1/2-1/2"]
[WhiteElo "2529"]
[BlackElo "2396"]
[PlyCount "123"]
[EventDate "2021.??.??"]
[EventType "blitz"]

1. e4 e5 2. Nf3 d5 3. Nxe5 Bd6 4. d4 dxe4 5. Nc3 Bxe5 6. dxe5 Qxd1+ 7. Kxd1 Bf5
8. Nd5 Na6 9. Bxa6 O-O-O 10. Ke2 Rxd5 11. Bc4 Rxe5 12. Bxf7 Nf6 13. Bf4 Re7 14.
Bb3 h6 15. h3 g5 16. Be3 Rd8 17. Rad1 a6 18. Rxd8+ Kxd8 19. h4 Bg4+ 20. Ke1 Rd7
21. c3 Nd5 22. hxg5 Nxe3 23. fxe3 hxg5 24. Rh8+ Ke7 25. Rh7+ Kd6 26. Rh6+ Ke5
27. Rg6 Kf5 28. Rh6 Rd6 29. Rxd6 cxd6 30. Bd5 b6 31. b4 Ke5 32. Bb7 a5 33. Kf2
Be6 34. a3 Bd5 35. Bc8 Bc6 36. c4 d5 37. b5 Be8 38. cxd5 Bxb5 39. Bb7 Bc4 40.
d6 Be6 41. Ke2 Bf5 42. Kd2 Kxd6 43. Kc3 Kc5 44. Ba6 b5 45. Bb7 b4+ 46. axb4+
axb4+ 47. Kb2 Kc4 48. Ba6+ Kc5 49. Bb7 g4 50. g3 Bg6 51. Bc8 Kc4 52. Ba6+ Kd5
53. Bc8 Ke5 54. Bxg4 Bf7 55. Bd1 Kf6 56. g4 Kg5 57. Bb3 Kh4 58. Bxf7 Kxg4 59.
Bd5 Kf3 60. Bxe4+ Kxe3 61. Kb3 Kxe4 62. Kxb4 {Normal} 1/2-1/2

[Event "Rated Blitz game"]
[Site "?"]
[Date "2021.11.09"]
[Round "?"]
[White "pro100still"]
[Black "King_bg03"]
[Result "1-0"]
[WhiteElo "2430"]
[BlackElo "2613"]
[PlyCount "113"]
[EventDate "2021.??.??"]
[EventType "blitz"]

1. e4 e5 2. Nf3 d5 3. Nxe5 Bd6 4. d4 dxe4 5. Qh5 Qe7 6. Bc4 Bxe5 7. dxe5 Be6 8.
Bxe6 Qxe6 9. Nc3 Nc6 10. Nxe4 O-O-O 11. O-O Qxe5 12. Qxe5 Nxe5 13. Bf4 Ng6 14.
Bg3 f5 15. Ng5 f4 16. Nf7 fxg3 17. fxg3 Nf6 18. Nxh8 Nxh8 19. Rae1 Ng6 20. h4
b6 21. Rf5 Rd5 22. Rxd5 Nxd5 23. Re8+ Kd7 24. Rg8 Nf6 25. Rxg7+ Kd6 26. Kh2 Ne5
27. Kh3 h5 28. g4 Nexg4 29. Kg3 Ne3 30. Kf4 Nxc2 31. Kf5 Nd5 32. Rg5 Nce3+ 33.
Ke4 Ng4 34. Rxd5+ Kc6 35. Rg5 Kd6 36. Rxg4 hxg4 37. Kf5 g3 38. Kg4 Ke5 39. Kxg3
Kf5 40. Kf3 Ke5 41. g4 Kf6 42. h5 Ke5 43. Ke3 Kd5 44. g5 Ke5 45. h6 Ke6 46. Kd4
Kd6 47. h7 Kc6 48. h8=Q Kb5 49. Qf6 Ka6 50. g6 c5+ 51. Kc4 Ka5 52. Qc6 a6 53.
b4+ cxb4 54. g7 b5+ 55. Kc5 b3 56. Qb6+ Ka4 57. Qxa6# {Normal} 1-0

[Event "Rated Blitz game"]
[Site "?"]
[Date "2021.11.09"]
[Round "?"]
[White "ekdubov"]
[Black "Annali-annaliew1979"]
[Result "0-1"]
[WhiteElo "2373"]
[BlackElo "2488"]
[PlyCount "70"]
[EventDate "2021.??.??"]
[EventType "blitz"]

1. e4 e5 2. Nf3 d5 3. d4 dxe4 4. Nxe5 Bd6 5. Nc4 Nf6 6. Nxd6+ cxd6 7. Bb5+ Nbd7
8. O-O O-O 9. c4 h6 10. Nc3 Qc7 11. Bf4 a6 12. Ba4 Qxc4 13. Bxd6 Re8 14. Bb3
Qc6 15. Ba3 b5 16. d5 Qb6 17. d6 Bb7 18. Nd5 Bxd5 19. Bxd5 b4 20. Bxa8 Rxa8 21.
Bxb4 Qxb4 22. b3 Re8 23. Rc1 Re6 24. Rc6 Qb5 25. Qc2 Ne5 26. Rc8+ Kh7 27. f3
Rxd6 28. fxe4 Qb6+ 29. Kh1 Nfg4 30. h3 Ne3 31. Qf2 Nxf1 32. Qf5+ Ng6 33. Qxf1
Qb7 34. Rc4 Qd7 35. e5 Rd1 {Time forfeit} 0-1

[Event "Rated Blitz game"]
[Site "?"]
[Date "2021.11.09"]
[Round "?"]
[White "ArnieChipmunk"]
[Black "King_bg03"]
[Result "1/2-1/2"]
[WhiteElo "2528"]
[BlackElo "2605"]
[PlyCount "39"]
[EventDate "2021.??.??"]
[EventType "blitz"]

1. e4 e5 2. Nf3 d5 3. exd5 e4 4. Qe2 Qe7 5. Nd4 Nf6 6. Nc3 Nbd7 7. d3 exd3 8.
Qxe7+ Bxe7 9. Bxd3 Nb6 10. Bg5 Nfxd5 11. Bxe7 Kxe7 12. Nxd5+ Nxd5 13. O-O-O Rd8
14. Rhe1+ Kf8 15. Be4 Nf6 16. Bf3 Bg4 17. h3 Bxf3 18. Nxf3 Rxd1+ 19. Rxd1 Re8
20. Nd4 {Normal} 1/2-1/2

[Event "Rated Blitz game"]
[Site "?"]
[Date "2021.11.09"]
[Round "?"]
[White "izel2"]
[Black "Jomajo"]
[Result "0-1"]
[WhiteElo "2607"]
[BlackElo "2749"]
[PlyCount "38"]
[EventDate "2021.??.??"]
[EventType "blitz"]

1. e4 e5 2. Nf3 d5 3. exd5 e4 4. Qe2 Qe7 5. d3 exf3 6. Qxe7+ Bxe7 7. c4 Na6 8.
a3 Nc5 9. Nd2 Bf5 10. g4 Nxd3+ 11. Bxd3 Bxd3 12. Nxf3 Bxc4 13. Ne5 Bxd5 14. O-O
Nf6 15. h3 O-O 16. Re1 Bd6 17. Nd3 Ne4 18. Be3 Rad8 19. Rad1 Bb3 {Normal} 0-1

[Event "Rated Blitz game"]
[Site "?"]
[Date "2021.11.09"]
[Round "?"]
[White "Smoking_Samra"]
[Black "KamranShirazi"]
[Result "1-0"]
[WhiteElo "2719"]
[BlackElo "2603"]
[PlyCount "95"]
[EventDate "2021.??.??"]
[EventType "blitz"]

1. e4 e5 2. Nf3 d5 3. exd5 e4 4. Ne5 Qxd5 5. d4 exd3 6. Nxd3 Bd6 7. Nc3 Qf5 8.
Qe2+ Be6 9. Ne4 Be7 10. Nf4 Nc6 11. Nxe6 Qxe6 12. c3 O-O-O 13. Ng3 Qd5 14. Be3
Nf6 15. Qc4 Rhe8 16. h3 Bc5 17. Qxd5 Nxd5 18. O-O-O Nxe3 19. fxe3 Bxe3+ 20. Kc2
Rxd1 21. Kxd1 Rd8+ 22. Kc2 Rd2+ 23. Kb3 Na5+ 24. Ka3 c5 25. Ne4 Rd1 26. b4
cxb4+ 27. cxb4 Nc4+ 28. Kb3 b5 29. g4 Bd4 30. Bg2 Rd3+ 31. Kc2 Re3 32. Rd1 Re2+
33. Kd3 Rxg2 34. Kxd4 Rxa2 35. Kc5 a6 36. Ng5 Ne3 37. Re1 Rc2+ 38. Kd4 f6 39.
Nxh7 Nc4 40. Re7 Ne5 41. Rxg7 Rd2+ 42. Ke4 Re2+ 43. Kf5 Nc6 44. Nxf6 Nxb4 45.
h4 Nd3 46. g5 Re5+ 47. Kg4 Nf2+ 48. Kf3 {Time forfeit} 1-0

[Event "Rated Blitz game"]
[Site "?"]
[Date "2021.11.09"]
[Round "?"]
[White "anil_ot"]
[Black "GoughPhar"]
[Result "0-1"]
[WhiteElo "2324"]
[BlackElo "2434"]
[PlyCount "66"]
[EventDate "2021.??.??"]
[EventType "blitz"]

1. e4 e5 2. Nf3 d5 3. exd5 e4 4. Ne5 Qxd5 5. d4 exd3 6. Nxd3 Nf6 7. Be2 Nc6 8.
O-O Bd7 9. Nc3 Qf5 10. Be3 Bd6 11. Bf3 h5 12. Ne2 Ng4 13. Ng3 Bxg3 14. hxg3
O-O-O 15. Re1 Kb8 16. Qd2 h4 17. Bf4 hxg3 18. fxg3 Qh5 19. Bxg4 Bxg4 20. Kf2
Qf5 21. Kg1 f6 22. Qf2 Qh7 23. Qe3 g5 24. Kf2 gxf4 25. Nxf4 Qf5 26. Rh1 Qxc2+
27. Kg1 Rxh1+ 28. Kxh1 Rh8+ 29. Kg1 Ne5 30. Re1 Qxb2 31. Nd5 a6 32. Nxf6 Nf3+
33. gxf3 Qb6 {Time forfeit} 0-1

[Event "Rated Blitz game"]
[Site "?"]
[Date "2021.11.09"]
[Round "?"]
[White "drawingchest"]
[Black "Jomajo"]
[Result "0-1"]
[WhiteElo "2698"]
[BlackElo "2747"]
[PlyCount "132"]
[EventDate "2021.??.??"]
[EventType "blitz"]

1. e4 e5 2. Nf3 d5 3. Nxe5 Bd6 4. d4 dxe4 5. Nc3 Bxe5 6. dxe5 Qxd1+ 7. Kxd1 Nc6
8. Nxe4 Bf5 9. Ng3 O-O-O+ 10. Bd2 Bg6 11. h4 h5 12. Kc1 Nxe5 13. f3 Nf6 14. Be2
Rhe8 15. Rd1 Nd5 16. b3 Nc6 17. Bb5 Re6 18. Bc4 Red6 19. Bg5 f6 20. Rxd5 Rxd5
21. Bxd5 Rxd5 22. Bd2 Nd4 23. c4 Rd7 24. Ne4 Bxe4 25. fxe4 Ne6 26. Kc2 Nd4+ 27.
Kc3 Ne2+ 28. Kc2 Nd4+ 29. Kc3 c5 30. Re1 Nc6 31. Bf4 b6 32. e5 Re7 33. exf6
gxf6 34. Rxe7 Nxe7 35. Kd3 f5 36. Bg5 Ng6 37. Ke3 Kd7 38. g3 Ke6 39. Bf4 Ne7
40. Bb8 Nc6 41. Bf4 Nb4 42. a4 Nc6 43. Kd3 Nd4 44. Kc3 Ne2+ 45. Kd3 Nd4 46. Kc3
Kd7 47. b4 Ne6 48. b5 Kc8 49. Be5 Kb7 50. Bf4 a5 51. Be5 Kc8 52. Bf4 Kd7 53.
Be5 Ke7 54. Bf4 Nd4 55. Be5 Ne2+ 56. Kd3 Ng1 57. Bf4 Ke6 58. Kc3 Nf3 59. Kd3
Nd4 60. Kc3 Ne2+ 61. Kd3 Nd4 62. Kc3 Kd7 63. Kd3 Kd8 64. Kc3 Ne6 65. Kd3 Kc8
66. Kc3 Nxf4 {Time forfeit} 0-1

[Event "Rated Blitz game"]
[Site "?"]
[Date "2021.11.09"]
[Round "?"]
[White "izel2"]
[Black "Jomajo"]
[Result "1/2-1/2"]
[WhiteElo "2578"]
[BlackElo "2722"]
[PlyCount "132"]
[EventDate "2021.??.??"]
[EventType "blitz"]

1. e4 e5 2. Nf3 d5 3. exd5 e4 4. Qe2 Qe7 5. Nd4 Nf6 6. d3 exd3 7. Qxe7+ Bxe7 8.
Bxd3 Nxd5 9. c3 O-O 10. O-O Bf6 11. Nd2 Bxd4 12. cxd4 Nc6 13. Nb3 a5 14. Be4
Rd8 15. Bxd5 Rxd5 16. Be3 a4 17. Nc5 b6 18. Ne4 Nxd4 19. Nc3 Rd8 20. Rfd1 c5
21. Bxd4 cxd4 22. Nb5 d3 23. Rd2 Bf5 24. f3 h5 25. a3 Ra5 26. Nc3 Re5 27. Rad1
h4 28. Nxa4 b5 29. Nc3 Rd4 30. Kf2 b4 31. axb4 Rxb4 32. Re1 Rxe1 33. Kxe1 g5
34. h3 Kg7 35. Kf2 Kf6 36. Ke3 Ke5 37. Ne4 Bxe4 38. fxe4 Rxe4+ 39. Kxd3 Rb4 40.
Re2+ Kf4 41. Kc3 Rb7 42. b4 f5 43. Rf2+ Ke4 44. Re2+ Kf4 45. Rf2+ Kg3 46. Rxf5
Rg7 47. Rf3+ Kxg2 48. Rd3 Rc7+ 49. Kb3 Rb7 50. Kc4 Rc7+ 51. Kb5 Rf7 52. Kc6 g4
53. hxg4 Rf3 54. Rd2+ Kg3 55. b5 Rc3+ 56. Kd6 Kxg4 57. b6 Rb3 58. Kc7 h3 59. b7
Rxb7+ 60. Kxb7 Kg3 61. Kc6 h2 62. Rd3+ Kg2 63. Rd2+ Kg1 64. Rd1+ Kg2 65. Rd2+
Kg1 66. Rxh2 Kxh2 {Normal} 1/2-1/2

[Event "Rated Blitz game"]
[Site "?"]
[Date "2021.11.09"]
[Round "?"]
[White "nikin94"]
[Black "Annali-annaliew1979"]
[Result "1-0"]
[WhiteElo "2383"]
[BlackElo "2480"]
[PlyCount "79"]
[EventDate "2021.??.??"]
[EventType "blitz"]

1. e4 e5 2. Nf3 d5 3. Nxe5 Qe7 4. d4 f6 5. Nd3 Nc6 6. c3 Bf5 7. Be2 Bxe4 8. O-O
Qf7 9. f3 Bf5 10. b4 Bd6 11. Re1 Nge7 12. Nc5 Bxc5 13. bxc5 O-O 14. Bf4 Qg6 15.
Nd2 Rac8 16. Nf1 b6 17. cxb6 cxb6 18. Ng3 Na5 19. Nxf5 Qxf5 20. Bd6 Qd7 21.
Bxe7 Qxe7 22. Ba6 Qc7 23. Bxc8 Rxc8 24. Qa4 Kf7 25. Re3 Nc4 26. Re2 Nd6 27.
Rae1 Qc6 28. Re7+ Kg6 29. Qxc6 Rxc6 30. R1e6 Nf5 31. Rxg7+ Nxg7 32. Rxc6 Nf5
33. Rc7 a5 34. Rb7 Nd6 35. Rxb6 Nc4 36. Rb5 Kf5 37. Rxd5+ Kf4 38. Rc5 Nd2 39.
Rxa5 Ke3 40. Rc5 {Normal} 1-0

[Event "Rated Rapid game"]
[Site "?"]
[Date "2021.11.09"]
[Round "?"]
[White "NasufRexhepi"]
[Black "Boris-Trapsky"]
[Result "0-1"]
[WhiteElo "2301"]
[BlackElo "2513"]
[PlyCount "96"]
[EventDate "2021.??.??"]
[EventType "rapid"]

1. e4 e5 2. Nf3 d5 3. d4 exd4 4. exd5 Qxd5 5. Qxd4 Nf6 6. Qxd5 Nxd5 7. Bd3 Nb4
8. O-O Be7 9. Re1 Nxd3 10. cxd3 Nc6 11. d4 Be6 12. Nc3 Nb4 13. Re2 h6 14. a3
Nd5 15. Nxd5 Bxd5 16. Bd2 Bxf3 17. gxf3 Kd7 18. f4 Rae8 19. Rae1 Bf6 20. Bc3
Rxe2 21. Rxe2 Kc6 22. d5+ Kd6 23. Bxf6 gxf6 24. Rd2 Re8 25. Kg2 Re4 26. Kf3 f5
27. b3 a5 28. a4 Re1 29. Kg3 Rc1 30. Kh4 Rc3 31. Rb2 Rf3 32. h3 Kxd5 33. Rd2+
Ke6 34. Re2+ Kf6 35. Re3 Rxf2 36. Kh5 Rxf4 37. h4 Rf1 38. Kxh6 f4 39. Rc3 f3
40. h5 c6 41. Kh7 Ke5 42. h6 Kf4 43. Rc4+ Ke3 44. Rh4 f2 45. Kg8 Rd1 46. Kg7
f1=Q 47. h7 Qf5 48. h8=Q Qg6+ {Normal} 0-1

[Event "Rated Blitz game"]
[Site "?"]
[Date "2021.11.09"]
[Round "?"]
[White "NguyenDucHoa"]
[Black "Jomajo"]
[Result "0-1"]
[WhiteElo "2646"]
[BlackElo "2749"]
[PlyCount "58"]
[EventDate "2021.??.??"]
[EventType "blitz"]

1. e4 e5 2. Nf3 d5 3. d3 dxe4 4. dxe4 Qxd1+ 5. Kxd1 Bg4 6. c3 Nd7 7. Kc2 Bxf3
8. gxf3 Bd6 9. a4 Ne7 10. a5 a6 11. Nd2 Ng6 12. Nc4 Bc5 13. Be3 f6 14. h4 h5
15. Bh3 Be7 16. Rhg1 Ndf8 17. Rad1 Rd8 18. Rxd8+ Kxd8 19. Ba7 Nf4 20. Rd1+ Bd6
21. Bf1 Nd7 22. Nxd6 cxd6 23. Rxd6 Kc7 24. Rd2 g5 25. Be3 gxh4 26. b4 Rg8 27.
b5 axb5 28. Bxb5 Rg7 29. Bxf4 exf4 {Normal} 0-1

[Event "Rated Blitz game"]
[Site "?"]
[Date "2021.11.09"]
[Round "?"]
[White "cyrilortega62"]
[Black "Jomajo"]
[Result "0-1"]
[WhiteElo "2577"]
[BlackElo "2703"]
[PlyCount "50"]
[EventDate "2021.??.??"]
[EventType "blitz"]

1. e4 e5 2. Nf3 d5 3. Nxe5 Bd6 4. d4 dxe4 5. Nc4 Nc6 6. Nxd6+ Qxd6 7. Be3 f5 8.
g3 Nf6 9. h3 Nd5 10. Bc1 f4 11. c4 fxg3 12. Qh5+ g6 13. Qxd5 gxf2+ 14. Kd1 Qe7
15. Nc3 Bf5 16. Be3 Rd8 17. Qb5 a6 18. Qa4 O-O 19. d5 Ne5 20. Kc2 Nd3 21. Rd1
c6 22. Kb1 b5 23. Qxa6 bxc4 24. Qxc4 cxd5 25. Qxd5+ Rxd5 {Normal} 0-1

[Event "Rated Blitz game"]
[Site "?"]
[Date "2021.11.09"]
[Round "?"]
[White "Birani"]
[Black "Jomajo"]
[Result "1-0"]
[WhiteElo "2817"]
[BlackElo "2746"]
[PlyCount "61"]
[EventDate "2021.??.??"]
[EventType "blitz"]

1. e4 e5 2. Nf3 d5 3. exd5 e4 4. Qe2 Qe7 5. Nd4 Nf6 6. Nc3 Qe5 7. Nf3 Qe7 8.
Ng5 Bg4 9. Qb5+ c6 10. dxc6 Nxc6 11. Bc4 Bh5 12. Nd5 Nxd5 13. Bxd5 Rc8 14. O-O
f5 15. Be6 Rd8 16. d4 h6 17. d5 hxg5 18. dxc6 a6 19. Qxf5 g6 20. Bd7+ Rxd7 21.
Qxd7+ Qxd7 22. cxd7+ Kxd7 23. Bxg5 Bg7 24. c3 Be2 25. Rfe1 Bd3 26. Rad1 Kc6 27.
f3 Re8 28. Rxd3 exd3 29. Rxe8 Bd4+ 30. cxd4 d2 31. Bxd2 {Normal} 1-0

[Event "Rated Blitz game"]
[Site "?"]
[Date "2021.11.09"]
[Round "?"]
[White "wildelephant"]
[Black "Bergerac1985"]
[Result "0-1"]
[WhiteElo "2410"]
[BlackElo "2290"]
[PlyCount "43"]
[EventDate "2021.??.??"]
[EventType "blitz"]

1. e4 e5 2. Nf3 d5 3. Nxe5 dxe4 4. Bc4 Qg5 5. d4 Qxg2 6. Bxf7+ Ke7 7. Rf1 Nf6
8. Nc3 Nbd7 9. Bc4 Nb6 10. Be2 Bh3 11. b3 Qxh2 12. Ba3+ Ke8 13. Bxf8 Rxf8 14.
Qd2 Bxf1 15. Bxf1 Rd8 16. Nb5 Nbd5 17. O-O-O e3 18. fxe3 Qxd2+ 19. Rxd2 Ne4 20.
Bd3 Nxd2 21. Kxd2 c6 22. Bxh7 {Normal} 0-1